000 00781cab a2200289 4500
001 WB3004-46
008 090401t1994 xxu||||| |||| 00| 0 eng d
035 _a(Sirsi) u58616
041 _aeng
100 _aPatterson, T.
245 _aDealing with Italy
260 _c1994
350 _a0
490 _aCSW - The Property Week
_v46(3) 20 January 1994, 48-49(1)
520 _aNotes on using an estate agent in Italy and compensation for failed transactions.
650 _aPROPERTY-PROPERTY ACQUISITION AND DISPOSAL
650 _aCOMMISSION
650 _aDEED OF TRANSFER
650 _aDEPOSITS
650 _aESTATE AGENCY
650 _aITALY
650 _aSTAMP DUTY
650 _aTAXATION
690 _aOVERSEAS-EUROPE
942 _n0
948 _c04/03/1997
999 _c35824
_d35824